000 00744nam a2200217 a 4500
999 _c6199
_d6199
001 6199
003 BD-JhCC
005 20180116181228.0
008 180116s1980 bg |||| ||a| 000 0 ben d
035 _a(BD-JhCC)6199
040 _aBD-JhCC
_dBD-JhCC
041 _aben
082 _a370.7
_bRAH 1980
100 _aরহমান, ডক্টর খোন্দকার মুস্তাফিজুর
245 _aশিক্ষা দর্শন /
_cডক্টর খোন্দকার মুস্তাফিজুর রহমান
260 _aঢাকা :
_bবাংলা একাডেমী,
_c১৯৮০.
300 _a335 p. :
_c21 cm.
650 _aEducartion Phychology
942 _2ddc
_cBK